Global Compact Initiative - the tool for responsible conduct of enterprises
Global Compact Initiative - história. Benefity (priame a nepriame) z účasti podnikov v Global Compact. Desať princípov Global Compact (ľudské práva, pracovné normy, životné prostredie, boj proti korupcii). Princípy implementácie Global Compact. Organizácie a podniky na Slovensku zúčastnené v Global...
Enregistré dans:
| Auteur principal: | |
|---|---|
| Format: | Chapitre de livre |
| Langue: | anglais |
| Sujets: | |
| Tags: |
Pas de tags, Soyez le premier à ajouter un tag!
|
MARC
| LEADER | 00000nla$a2200000$$$4500 | ||
|---|---|---|---|
| 001 | 0084177 | ||
| 005 | 20240502071940.6 | ||
| 041 | 0 | |a eng | |
| 044 | |a SK | ||
| 245 | 1 | 0 | |a Global Compact Initiative - the tool for responsible conduct of enterprises |c Gabriela Dubcová |
| 520 | |a Global Compact Initiative - história. Benefity (priame a nepriame) z účasti podnikov v Global Compact. Desať princípov Global Compact (ľudské práva, pracovné normy, životné prostredie, boj proti korupcii). Princípy implementácie Global Compact. Organizácie a podniky na Slovensku zúčastnené v Global Compact Initiative. | ||
| 610 | 2 | 0 | |a riadenie podnikové |
| 610 | 2 | 0 | |a zodpovednosť |
| 610 | 2 | 0 | |a zodpovednosť vzájomná |
| 610 | 2 | 0 | |a práva ľudské |
| 610 | 2 | 0 | |a právo pracovné |
| 610 | 2 | 0 | |a prostredie životné |
| 610 | 2 | 0 | |a korupcia |
| 610 | 2 | 0 | |a dokumenty |
| 610 | 2 | 0 | |a spolupráca medzinárodná |
| 610 | 2 | 0 | |a dohody medzinárodné |
| 100 | 1 | |a Dubcová, Gabriela, 1968- | |